Processing of histological data using deep neural networks

Saved in:
Bibliographic Details
Main Author: Matušisková, Mária (Author)
Other Authors: Benešová, Vanda (Thesis advisor)
Format: Manuscript Book
Language:Slovak
English
Published: 2025
Subjects:
Online Access:http://is.stuba.sk/zp/portal_zp.pl?podrobnosti=168998
Tags: Add Tag
No Tags, Be the first to tag this record!

MARC

LEADER 00000ntm a22000003a 4500
001 stuzp102921
003 SK-STU
005 20250614211816.9
007 ta
008 150427s2015----xo-----f-mn---000-0-slo-d
040 |a STU  |b slo 
041 0 |a eng 
100 1 |a Matušisková, Mária  |u 070400  |4 aut  |U FIIT Fakulta informatiky a informačných technológií  |T FIIT Ústav počítačového inžinierstva a aplikovanej informatiky  |X 116248  |U I400  |Y 672  |7 116248 
242 0 1 |a Spracovanie histologických dát s využitím hlbokých neurónových sietí  |y slo 
245 1 0 |a Processing of histological data using deep neural networks 
260 |c 2025 
650 4 |a deep learning  |2 eng 
650 4 |a computer vision  |2 eng 
650 4 |a digital pathology  |2 eng 
650 4 |a neural networks  |2 eng 
650 4 |a artificial intelligence  |2 eng 
650 4 |a počítačové videnie  |2 slo 
650 4 |a hlboké učenie  |2 slo 
650 4 |a umelá inteligencia  |2 slo 
650 4 |a digitálna patológia  |2 slo 
650 4 |a neurónové siete  |2 slo 
700 1 |a Benešová, Vanda  |u 070400  |k Z1  |4 ths  |U FIIT Fakulta informatiky a informačných technológií  |T FIIT Ústav počítačového inžinierstva a aplikovanej informatiky  |X 63121  |U I400  |Y 672  |7 63121 
856 4 |u http://is.stuba.sk/zp/portal_zp.pl?podrobnosti=168998